Porter’s five forces - Industry analysis and business strategy

Salvato in:
Dettagli Bibliografici
Autore principale: Stober, Kai L., 1981-
Natura: Capitolo di libro
Lingua:tedesco
Soggetti:
Tags: Aggiungi Tag
Nessun Tag, puoi essere il primo ad aggiungerne!!

MARC

LEADER 00000nla$a2200000$$$4500
001 0124791
005 20240502072420.7
041 0 |a ger 
044 |a SK 
245 1 0 |a Porter’s five forces - Industry analysis and business strategy  |c Kai L Stober 
610 2 0 |a manažment 
610 2 0 |a manažment finančný 
610 2 0 |a riadenie podnikové 
610 2 0 |a nástroje riadenia 
610 2 0 |a riadenie strategické 
610 2 0 |a stratégia podniková 
100 1 |a Stober, Kai L., 1981-